Statistics for Middlesbrough Squad 2016/17

Click here to take the quiz!

General Stats

  • This quiz has been taken 137 times
  • The average score is 17 of 28

Answer Stats

Answer% Correct
Valdes
90%
Negredo
89%
Friend
86%
Clayton
84%
Gibson
84%
Ayala
82%
Leadbitter
78%
Traore
78%
Downing
77%
De Roon
75%
Guzan
72%
Ramirez
70%
Fabio
65%
Barragan
64%
Forshaw
64%
Stuani
64%
Chambers
60%
Nsue
55%
Rhodes
55%
Fischer
52%
Espinosa
49%
Nugent
41%
Husband
34%
Konstantopoulos
34%
Mejias
32%
De Pena
25%
De Sart
25%
Kitching
2%

Score Distribution

Percentile by Number Answered

Percent of People with Each Score

Your Score History

You have not taken this quiz